Loading...
| Science - Chemistry | 0 | 8 | 1 | 0 | 75 | 13 | 38.75 | 5 | 6 | 0.00 | 0.00 |
| Science - Physics | 0 | 7 | 1 | 3 | 65 | 36 | 60.00 | 0 | 3 | 0.00 | 0.00 |
| Science - Biology | 0 | 6 | 0 | 1 | 60 | 38 | 53.67 | 2 | 5 | 0.00 | 0.00 |
| Literature - British | 0 | 4 | 0 | 0 | 40 | 32 | 61.75 | 0 | 2 | 0.00 | 0.00 |
| History - American | 0 | 4 | 0 | 1 | 40 | 56 | 65.00 | 1 | 3 | 0.00 | 0.00 |
| Mythology | 0 | 3 | 0 | 1 | 30 | 14 | 66.00 | 1 | 1 | 0.00 | 0.00 |
| Fine Arts - Painting and Sculpture | 0 | 3 | 1 | 0 | 25 | 46 | 60.67 | 2 | 3 | 0.00 | 0.00 |
| Social Science | 0 | 2 | 0 | 0 | 20 | 66 | 75.50 | 0 | 2 | 0.00 | 0.00 |
| Science - Other | 0 | 2 | 0 | 1 | 20 | 35 | 75.00 | 0 | 1 | 0.00 | 0.00 |
| Religion | 0 | 2 | 1 | 0 | 15 | 60 | 76.50 | 0 | 1 | 0.00 | 0.00 |
| Literature - European | 0 | 1 | 0 | 1 | 10 | 98 | 98.00 | 0 | 0 | 0.00 | 0.00 |
| Fine Arts - Other | 0 | 1 | 0 | 0 | 10 | 73 | 73.00 | 0 | 1 | 0.00 | 0.00 |
| Philosophy | 0 | 1 | 0 | 0 | 10 | 54 | 54.00 | 0 | 0 | 0.00 | 0.00 |
| History - European | 0 | 1 | 0 | 0 | 10 | 45 | 45.00 | 0 | 1 | 0.00 | 0.00 |
| Current Events | 0 | 1 | 1 | 0 | 5 | 62 | 62.00 | 1 | 1 | 0.00 | 0.00 |
| Geography | 0 | 1 | 1 | 0 | 5 | 64 | 64.00 | 1 | 1 | 0.00 | 0.00 |
| Literature - American | 0 | 0 | 0 | 0 | 0 | 0.00 | 0 | 0 | 0.00 | 0.00 | |
| History - Other | 0 | 1 | 2 | 0 | 0 | 25 | 25.00 | 1 | 1 | 0.00 | 0.00 |
| History - World | 0 | 0 | 1 | 0 | -5 | 0.00 | 0 | 0 | 0.00 | 0.00 | |
| Fine Arts - Classical Music | 0 | 0 | 2 | 0 | -10 | 0.00 | 0 | 0 | 0.00 | 0.00 |